ECONOMIC DYNAMICS AN INTRODUCTION (Record no. 583631)

000 -LEADER
fixed length control field 00275nam a22001217a 4500
082 ## - DEWEY DECIMAL CLASSIFICATION NUMBER
Classification number 330 BAU'E
100 ## - MAIN ENTRY--PERSONAL NAME
Personal name BAUMAL, WILLIAM J
9 (RLIN) 78520
245 ## - TITLE STATEMENT
Title ECONOMIC DYNAMICS AN INTRODUCTION
250 ## - EDITION STATEMENT
Edition statement 3RD
260 ## - PUBLICATION, DISTRIBUTION, ETC.
Place of publication, distribution, etc. NEWYORK
Name of publisher, distributor, etc. MACMILLAN
Date of publication, distribution, etc. 1970
300 ## - PHYSICAL DESCRIPTION
Extent 472P
942 ## - ADDED ENTRY ELEMENTS (KOHA)
Koha item type Book
Holdings
Withdrawn status Lost status Damaged status Not for loan Permanent Location Current Location Shelving location Date acquired Total Checkouts Full call number Barcode Date last seen Price effective from Koha item type
        College of Electrical & Mechanical Engineering (CEME) College of Electrical & Mechanical Engineering (CEME) General Stacks 06/16/2017   330 BAU'E CEME-8029 06/28/2021 06/28/2021 Book
© 2023 Central Library, National University of Sciences and Technology. All Rights Reserved.